MARC

LEADER 00000nam0a2200000 4500
001 207582
005 20231101225417.0
035 |a (RuTPU)RU\TPU\book\226490 
035 |a RU\TPU\book\37241 
090 |a 207582 
100 |a 20120126d1974 m y0rusy50 ca 
101 0 |a rus 
102 |a RU 
105 |a a j 000zy 
200 1 |a Линейная алгебра  |e учебное пособие  |f В. В. Воеводин 
210 |a Москва  |c Наука  |d 1974 
215 |a 336 с.  |c ил. 
320 |a Предм. указ.: с. 334-336. 
606 1 |a Линейная алгебра  |2 stltpush  |3 (RuTPU)RU\TPU\subj\40174  |9 60039 
610 1 |a линейная алгебра 
610 1 |a линейные пространства 
610 1 |a строение 
610 1 |a измерения 
610 1 |a векторы 
610 1 |a прямая линия 
610 1 |a пределы 
610 1 |a линейные операторы 
610 1 |a матрицы 
610 1 |a характеристические многочлены 
610 1 |a строение 
610 1 |a метрические свойства 
610 1 |a поверхности 
610 1 |a учебные пособия 
675 |a 519.61(075.8)  |v 3 
700 1 |a Воеводин  |b В. В.  |g Валентин Васильевич 
801 0 |a RU  |b 63413507  |c 20011210  |g PSBO 
801 2 |a RU  |b 63413507  |c 20200826  |g PSBO 
900 |a Математика 
942 |c BK